000 00981cad a22002175a 4500
001 E146534
008 090128e20090130xxk s000 0 eng d
035 _a(Sirsi) u146534
041 0 _aeng
110 2 _aScotland
_bScottish Government
_95344
245 0 0 _aArbitration law to be modernised
_h[electronic resource]
260 _c2009
490 _aScottish Government News Release
_v30 January 2009
520 _aThe Arbitration (Scotland) Bill has been published, with the aim of clarifying and consolidating the law on the subject and providing a framework for the arbitration process. Provides a link to the Bill.
590 _aKA
650 2 4 _aARBITRATION (SCOTLAND) BILL
651 4 _aScotland
_y1999-
690 _aMANAGEMENT-DISPUTE AVOIDANCE, MANAGEMENT AND RESOLUTION-DISPUTE MANAGEMENT AND RESOLUTION-ARBITRATION
856 4 0 _uhttps://www.scotland.gov.uk/News/Releases/2009/01/30102135
_zView the news release free of charge at www.scotland.gov.uk...
942 _n0
999 _c81179
_d81179